Week 5 2023-24 NFL Stat Leaders - Statistics

General Stats
  • This quiz has been taken 65 times
  • The average score is 28 of 30
Answer Stats
Answer % Correct
Jalen Hurts
100%
Jalen Hurts
100%
Josh Allen
100%
Patrick Mahomes
100%
Trevor Lawrence
100%
Tua Tagovailoa
100%
Joe Burrow
98%
Justin Fields
98%
Kirk Cousins
98%
Sam Howell
98%
A.J. Brown
96%
David Montgomery
96%
Stefon Diggs
96%
Desmond Ridder
94%
George Pickens
94%
Ja'Marr Chase
94%
Joe Mixon
94%
Tyreek Hill
94%
Breece Hall
93%
Cooper Kupp
93%
Devon Achane
93%
D.J. Moore
93%
Travis Etienne
93%
DeAndre Hopkins
91%
Alvin Kamara
89%
Calvin Ridley
89%
Zach Moss
80%
A.J. Dillon
74%
Dallas Goedert
72%
Khalil Herbert
69%
No matching quizzes found
Score Distribution
Percent of People with Each Score
Percentile by Number Answered
Your Score History
You have not taken this quiz